1980 1882 1431 1311 1993 1199 1827 1597 1655 1994 1120 1382 1739 1395 1357 1935 1365 1442 1633 1351 1888 1934 1363 1943 1575 1734 1379 1764 1541 1495 1859 1235 1246 1019 1432 1505 1920 1033 1970 1300 1912 1238 1148 1409 1162 1588 1334 1245 1501 1460 1634 1253 1404 1837 1262 1917 1169 1466 1158 1007 1779 1342 1419 1693 1852 1854 1119 1039 1393 1897 1012 1830 1969 1500 1170 1448 1102 1061 1378 1441 1909 1716 1401 1551 1632 1449 1260 1827 1575 1357 1835 1694 1596 1458 1511 1204 1194 1447 1676 BCNSPRNW ULIB Ver.6.0+V

เปลี่ยนเป็นภาษาไทย

Change to English
 แสดงรายละเอียดบรรณานุกรม
  กลับหน้าหลัก

Brief Record : Get Marc (ISO 2709) : E-mail record : QR code < ปิดหน้าต่าง
LEADER : 00000nam 2200000uu 4500
001    13399129078
003     ULIB
008    250716s2567||||th 000 0 tha d
020    ^a9786169423324
060    ^aWB100^bว841C^cล.2
100    ^aวีระเดช พิศประเสริฐ, จันทรภา ศรีสวัสดิ์, ธันยชัย สุระ และวิชัย ประยูรวิวัฒน์, บรรณาธิการ
245    ^aCASE-BASED APPROACHES IN INTERNAL MEDICINE เล่ม 2
250    ^aพิมพ์ครั้งที่ 1
260    ^aกรุงเทพฯ :^bราชวิทยาลัยอายุรแพทย์แห่งประเทศไทย ในพระบรมราชูปถัมภ์,^c2567
300    ^a336 หน้า;^c19 ซม.
650    ^aผู้ป่วย^xการพยาบาล
710    ^aราชวิทยาลัยอายุรแพทย์แห่งประเทศไทย
945    ^p500^l0^i011773
945    ^p500^l0^i011774
999    ^aประนอม เกษจรัล
รายการนี้ยังไม่มีแท็ก
คุณยังไม่ได้ล็อกอิน คุณสามารถมีกิจกรรมร่วมกับเว็บไซต์ได้ แต่ต้องล็อกอินก่อน ::
  ล็อกอิน

รายการสื่อสารสนเทศ

ลำดับที่ ประเภท เลขเรียก/บาร์โค้ด สถานที่ สถานะ
1. วิทยาศาสตร์การแพทย์ และสุขภาพ
หนังสือสำรอง
สถานะ=หนังสือสำรอง
WB100 ว841C ล.2 ฉ.1 
  Barcode: 011773
ห้องสมุดวิทยาเขตสวรรค์ประชารักษ์
►หนังสือทั่วไป
บนชั้น
2. วิทยาศาสตร์การแพทย์ และสุขภาพ
วิทยาศาสตร์การแพทย์ และสุขภาพ
WB100 ว841C ล.2 ฉ.2 
  Barcode: 011774
ห้องสมุดวิทยาเขตสวรรค์ประชารักษ์
►หนังสือทั่วไป
บนชั้น
3. วิทยาศาสตร์การแพทย์ และสุขภาพ
วิทยาศาสตร์การแพทย์ และสุขภาพ
WB100 ว841C ล.2 ฉ.3 
  Barcode: 012194
ห้องสมุดวิทยาเขตสวรรค์ประชารักษ์
►หนังสือทั่วไป
บนชั้น

รายการใกล้เคียง
    ผู้แต่ง [วีระเดช พิศประเสริฐ, จันทรภา ศรีสวัสดิ์, ธันยชัย สุระ และวิชัย ประยูรวิวัฒน์, บรรณาธิการ]

    หัวเรื่อง [ผู้ป่วย การพยาบาล]

BibComment


ยังไม่เคยถูกคอมเมนท์

คอมเมนท์ทรัพยากรรายการนี้
  คอมเมนท์: CASEBASED APPROA..


 Copyright 2026. Bcnsprnw @Library